[Event "Agen_2017-Accession"]
[Site "Agen"]
[Date "2017.08.19"]
[Round "6.12"]
[White "Micottis, Dorian"]
[Black "Hutois, Mickael"]
[Result "0-1"]
[WhiteElo "2271"]
[BlackElo "2207"]
[PlyCount "114"]
[EventDate "2017.08.??"]
[EventType "swiss"]
[EventRounds "9"]
[EventCountry "FRA"]
[WhiteTeam "Club d'Echecs Metz Fischer"]
[BlackTeam "Echiquier de l'Erdre"]

1. e4 e6 2. d4 d5 3. Nc3 Bb4 4. e5 c5 5. Bd2 Ne7 6. a3 Bxc3 7. Bxc3 cxd4 8.
Qxd4 O-O 9. Nf3 b6 10. Bd3 Nec6 11. Qg4 h6 12. h4 Nd7 13. Rh3 f5 14. Qf4 Nc5
15. Nd4 Nxd4 16. Bxd4 Nxd3+ 17. Rxd3 Bd7 18. O-O-O Rc8 19. Rg3 Kh8 20. Rdd3 Qe7
21. Rg6 Rf7 22. Rdg3 Qf8 23. Kb1 Re7 24. Rc3 Kh7 25. Rgg3 Bb5 26. Rxc8 Qxc8 27.
Rc3 Rc7 28. Rxc7 Qxc7 29. g4 Qc4 30. gxf5 Qf1+ 31. Ka2 Qd1 32. b3 Qxc2+ 33. Bb2
Bd3 34. Qc1 Bxf5 35. Qxc2 Bxc2 36. Bc1 Kg6 37. Kb2 Bd1 38. Bf4 Kf5 39. Bg3 g5
40. hxg5 Kxg5 41. Kc3 h5 42. Kd2 Bxb3 43. f3 h4 44. Bh2 h3 45. Bg3 Bc4 46. Ke3
Kg6 47. Kd4 Be2 48. Ke3 Bd1 49. Bh2 Bc2 50. Kf4 Bf5 51. Ke3 Kf7 52. Bg1 Ke8 53.
Kd4 Kd7 54. Kc3 Kc6 55. Kb4 d4 56. Kc4 d3 57. Kc3 Kb5 0-1

[Event "Agen_2017-Accession"]
[Site "Agen"]
[Date "2017.08.19"]
[Round "6.13"]
[White "Pucher, Sebastien"]
[Black "Trouve, Guillaume"]
[Result "1-0"]
[WhiteElo "2360"]
[BlackElo "2214"]
[PlyCount "155"]
[EventDate "2017.08.??"]
[EventType "swiss"]
[EventRounds "9"]
[EventCountry "FRA"]
[WhiteTeam "Club d'Echecs Metz Fischer"]
[BlackTeam "Mulhouse Philidor"]

1. Nf3 c5 2. c4 Nc6 3. g3 e5 4. Nc3 g6 5. Bg2 Bg7 6. O-O Nge7 7. a3 d6 8. b4
cxb4 9. axb4 Be6 10. Qa4 O-O 11. Ng5 Bc8 12. b5 Nb8 13. Ba3 f5 14. Qb3 Kh8 15.
c5 d5 16. Nxd5 Nec6 17. bxc6 bxc6 18. Nb6 axb6 19. Nf7+ Rxf7 20. Qxf7 bxc5 21.
Bxc5 Rxa1 22. Rxa1 Na6 23. Be7 Qd7 24. Rc1 e4 25. d3 Nc7 26. dxe4 Ne6 27. exf5
Nd8 28. Qc4 Qxe7 29. fxg6 hxg6 30. Bxc6 Nxc6 31. Qxc6 Bf5 32. Rc4 Qxe2 33. Rh4+
Kg8 34. Qa8+ Bf8 35. Rf4 Qe5 36. h4 Kg7 37. Qf3 Bd6 38. Ra4 Be6 39. Ra7+ Kh6
40. Qd1 Bc5 41. Qd2+ Kh5 42. Rh7+ Kg4 43. Qd1+ Kh3 44. Qf1+ Kg4 45. Qd1+ Kh3
46. Qf1+ Kg4 47. Kh2 Qd4 48. Qh3+ Kf3 49. Qg2+ Kg4 50. Qh3+ Kf3 51. Qg2+ Kg4
52. f3+ Kf5 53. h5 g5 54. Rh6 Bd5 55. Rg6 Qf2 56. g4+ Kf4 57. Rf6+ Ke3 58.
Qxf2+ Kxf2 59. h6 Bd4 60. Rf5 Bxf3 61. h7 Ke3 62. Rxg5 Kf4 63. Rb5 Be4 64. Rb4
Bf6 65. Kh3 Ke3 66. Rb6 Be5 67. Re6 Bb2 68. Re8 Kf4 69. h8=Q Bxh8 70. Rxh8 Kg5
71. Kg3 Bc2 72. Rh5+ Kg6 73. Rc5 Bd3 74. Kf4 Kf6 75. Rc6+ Kg7 76. Kg5 Be2 77.
Rc7+ Kg8 78. Kf6 1-0

[Event "Agen_2017-Accession"]
[Site "Agen"]
[Date "2017.08.19"]
[Round "6.14"]
[White "Le Ruyet, Leopold"]
[Black "Favarel, Julien"]
[Result "0-1"]
[WhiteElo "2317"]
[BlackElo "2247"]
[PlyCount "80"]
[EventDate "2017.08.??"]
[EventType "swiss"]
[EventRounds "9"]
[EventCountry "FRA"]
[WhiteTeam "Echiquier de l'Erdre"]
[BlackTeam "Bordeaux ASPOM Echecs"]

1. e4 e5 2. Nf3 Nc6 3. Bc4 Nf6 4. d3 Be7 5. O-O O-O 6. Re1 d6 7. a4 Na5 8. Ba2
c5 9. c3 Nc6 10. Nbd2 h6 11. h3 Re8 12. Nf1 Bf8 13. Ng3 Be6 14. Bxe6 Rxe6 15.
d4 cxd4 16. cxd4 d5 17. exd5 Qxd5 18. dxe5 Qxd1 19. Rxd1 Nxe5 20. Nd4 Rb6 21.
Nb5 a6 22. Be3 Rc6 23. Nd4 Rcc8 24. Ndf5 Nc4 25. Bd4 Ne8 26. Re1 Rd8 27. Rac1
b5 28. b3 Nd2 29. Bb6 Rdb8 30. a5 Nxb3 31. Rcd1 Rb7 32. Bd8 Nc7 33. Nd6 Bxd6
34. Rxd6 Ne6 35. Bb6 Nbc5 36. Red1 Na4 37. Be3 Nb2 38. Rd7 Nxd1 39. Rxb7 Nxe3
40. fxe3 Nc5 0-1

[Event "Agen_2017-Accession"]
[Site "Agen"]
[Date "2017.08.19"]
[Round "6.15"]
[White "Valuet, Bertrand"]
[Black "Sanchez, Louis"]
[Result "0-1"]
[WhiteElo "2310"]
[BlackElo "2240"]
[PlyCount "124"]
[EventDate "2017.08.??"]
[EventType "swiss"]
[EventRounds "9"]
[EventCountry "FRA"]
[WhiteTeam "La tour de Juvisy"]
[BlackTeam "Clichy-Echecs-92"]

1. d4 d5 2. c4 e6 3. Nc3 Nf6 4. cxd5 exd5 5. Bg5 c6 6. e3 Nbd7 7. Bd3 Be7 8.
Nge2 Nh5 9. Bxe7 Qxe7 10. g4 Nhf6 11. Ng3 h6 12. Qd2 Nb6 13. f3 Be6 14. O-O
O-O-O 15. b3 Kb8 16. a4 Nc8 17. a5 Nd6 18. Na4 g5 19. e4 dxe4 20. fxe4 Nb5 21.
d5 Bxg4 22. Qf2 Nd7 23. dxc6 bxc6 24. Bxb5 cxb5 25. Nc3 Ne5 26. Nd5 Qd6 27. a6
Rc8 28. Ra5 Bd7 29. Nf5 Qc5 30. Qxc5 Rxc5 31. Nd6 Bc6 32. Rf5 Rd8 33. Nxf7 Nxf7
34. Rxf7 Bxd5 35. exd5 Rcxd5 36. Rb7+ Ka8 37. b4 R8d7 38. Raxb5 Rxb5 39. Rxb5
Rd6 40. Ra5 Rb6 41. Kg2 Kb8 42. h4 gxh4 43. Kh3 Rxb4 44. Rf5 Rc4 45. Rf6 h5 46.
Rh6 Kc7 47. Rxh5 Kb6 48. Rh6+ Kb5 49. Rg6 Ra4 50. Rh6 Rxa6 51. Rxh4 Rg6 52. Rh8
a5 53. Rb8+ Kc4 54. Ra8 Kb4 55. Rb8+ Ka3 56. Ra8 a4 57. Rb8 Ka2 58. Ra8 a3 59.
Rb8 Ka1 60. Kh2 a2 61. Rb7 Rc6 62. Kg3 Rc1 0-1

[Event "Agen_2017-Accession"]
[Site "Agen"]
[Date "2017.08.19"]
[Round "6.16"]
[White "Calistri, Tristan"]
[Black "Coiffait, Pierre-Basile"]
[Result "1-0"]
[WhiteElo "2293"]
[BlackElo "2230"]
[PlyCount "71"]
[EventDate "2017.08.??"]
[EventType "swiss"]
[EventRounds "9"]
[EventCountry "FRA"]
[WhiteTeam "La tour de Juvisy"]
[BlackTeam "Cannes Echecs"]

1. e4 e5 2. Nf3 Nc6 3. Bb5 a6 4. Ba4 g6 5. O-O Bg7 6. c3 Nge7 7. d4 exd4 8.
cxd4 b5 9. Bb3 d6 10. Nc3 O-O 11. h3 Na5 12. Bc2 c5 13. Bg5 h6 14. Bh4 g5 15.
Bg3 Nc4 16. b3 Na3 17. Bd3 cxd4 18. Ne2 Qb6 19. e5 dxe5 20. Bxe5 Bxe5 21. Nxe5
Bb7 22. Ng3 Qd6 23. Re1 f5 24. Qh5 f4 25. Nf1 Bc8 26. Nh2 Bf5 27. Nhg4 Kg7 28.
Rac1 Bxd3 29. Nxd3 Nf5 30. Rc5 Rac8 31. Rxf5 Rxf5 32. Nxh6 Rf6 33. Qxg5+ Kh7
34. Nf5 Qf8 35. Re7+ Kh8 36. Qh4+ 1-0

[Event "Agen_2017-Accession"]
[Site "Agen"]
[Date "2017.08.19"]
[Round "6.17"]
[White "Muller, Anthony"]
[Black "Pigeat, Alexandre"]
[Result "0-1"]
[WhiteElo "2243"]
[BlackElo "2286"]
[PlyCount "78"]
[EventDate "2017.08.??"]
[EventType "swiss"]
[EventRounds "9"]
[EventCountry "FRA"]
[WhiteTeam "Le Champ du Fou "]
[BlackTeam "Esbarres Bonnencontre Echecs"]

1. d4 d5 2. c4 c6 3. Nf3 Nf6 4. Nc3 dxc4 5. a4 Bf5 6. e3 e6 7. Bxc4 Bb4 8. O-O
Nbd7 9. Qe2 Bg6 10. e4 Bxc3 11. bxc3 Nxe4 12. Ba3 Nb6 13. Rfc1 Nxc4 14. Qxc4 a5
15. Ne5 Qc7 16. Qe2 Nd6 17. Nxg6 hxg6 18. Qe5 O-O-O 19. h3 Nc4 20. Qe2 Nb6 21.
Bc5 Nd5 22. Rab1 Nf4 23. Qf3 Rd5 24. Bb6 Qb8 25. Ba7 Qd6 26. Bc5 Qb8 27. Ba7
Qxa7 28. Qxf4 Rf5 29. Qe4 Qb8 30. Rb3 Rf4 31. Qe2 Rd8 32. Rcb1 Qc7 33. g4 Rd5
34. Qb2 Rd7 35. Qa3 Qd8 36. Qc5 Qh4 37. c4 Qxf2+ 38. Kh1 Rfxd4 39. Rd3 Qc2 0-1

[Event "Agen_2017-Accession"]
[Site "Agen"]
[Date "2017.08.19"]
[Round "6.18"]
[White "Gatineau, Yovann"]
[Black "Pottier, Simeon"]
[Result "1-0"]
[WhiteElo "2281"]
[BlackElo "2006"]
[PlyCount "89"]
[EventDate "2017.08.??"]
[EventType "swiss"]
[EventRounds "9"]
[EventCountry "FRA"]
[WhiteTeam "Mulhouse Philidor"]
[BlackTeam "Rois et Dames des Trois Cites"]

1. d4 Nf6 2. Nf3 c5 3. d5 b5 4. c4 g6 5. Qc2 bxc4 6. e4 d6 7. Bxc4 Bg7 8. O-O
O-O 9. h3 Ba6 10. Na3 Bxc4 11. Nxc4 Nbd7 12. Bf4 Nb6 13. Nfd2 Nxc4 14. Nxc4 Nd7
15. Rfe1 Nb6 16. Na3 Qd7 17. Rad1 Qa4 18. Qc1 Nd7 19. b3 Qb4 20. Bd2 Qb7 21.
Nc4 Ne5 22. Na5 Qb5 23. Re3 Bh6 24. Rg3 Bg7 25. Bc3 Nd7 26. f4 Bxc3 27. Qxc3 f5
28. Nc6 Rae8 29. e5 a6 30. a4 Qb6 31. Kh1 Nb8 32. Na5 Nd7 33. Re1 Qc7 34. Rge3
dxe5 35. fxe5 f4 36. d6 exd6 37. exd6 Rxe3 38. Qc4+ Kh8 39. dxc7 Rxe1+ 40. Kh2
Ree8 41. Qd5 f3 42. gxf3 Nf6 43. Qxc5 Nh5 44. Nc6 Rxf3 45. Ne7 1-0

[Event "Agen_2017-Accession"]
[Site "Agen"]
[Date "2017.08.19"]
[Round "6.19"]
[White "Bilquez, Romain"]
[Black "Le Goff, Ronan"]
[Result "1-0"]
[WhiteElo "2219"]
[BlackElo "2280"]
[PlyCount "87"]
[EventDate "2017.08.??"]
[EventType "swiss"]
[EventRounds "9"]
[EventCountry "FRA"]
[WhiteTeam "Nogent le Roi"]
[BlackTeam "Echiquier de l'Erdre"]

1. e4 e5 2. Nf3 Nc6 3. d4 exd4 4. Bc4 Nf6 5. O-O Nxe4 6. Re1 d5 7. Bxd5 Qxd5 8.
Nc3 Qa5 9. Nxe4 Be6 10. Bg5 h6 11. Bh4 Bc5 12. Qd3 Bb6 13. a3 Qa6 14. c4 dxc3
15. Qxc3 Kf8 16. Bf6 Rh7 17. Neg5 hxg5 18. Nxg5 Rh5 19. Bxg7+ Kg8 20. Ne4 Bxf2+
21. Kxf2 Qb6+ 22. Re3 Rf5+ 23. Ke2 Rd8 24. Rg3 Qxb2+ 25. Ke3 Qxc3+ 26. Bxc3+
Kf8 27. Bf6 Rdd5 28. Rb1 Rb5 29. Bg7+ Ke7 30. Bf6+ Kd7 31. Rd1+ Rfd5 32. Rxd5+
Bxd5 33. Nc3 Rb3 34. Kf4 Bc4 35. h4 Rxa3 36. h5 Ra1 37. h6 Rh1 38. Rh3 Rf1+ 39.
Kg5 Be6 40. g4 Rg1 41. Rh4 Ne7 42. Bxe7 Kxe7 43. h7 f6+ 44. Kh5 1-0

[Event "Agen_2017-Accession"]
[Site "Agen"]
[Date "2017.08.19"]
[Round "6.20"]
[White "Roselle, Tristan"]
[Black "Touzane, Olivier"]
[Result "1/2-1/2"]
[WhiteElo "2134"]
[BlackElo "2264"]
[PlyCount "160"]
[EventDate "2017.08.??"]
[EventType "swiss"]
[EventRounds "9"]
[EventCountry "FRA"]
[WhiteTeam "AGJA-Echiquier Aquitaine"]
[BlackTeam "Echecs Club Montpellier"]

1. e4 e6 2. d4 d5 3. Nd2 h6 4. Bd3 c5 5. dxc5 Nf6 6. Qe2 Nc6 7. Ngf3 Bxc5 8. c3
Bb6 9. O-O O-O 10. h3 Nh5 11. Nb3 Ng3 12. Qc2 dxe4 13. Bxe4 Nxf1 14. Kxf1 f5
15. Bxc6 bxc6 16. Bf4 Qd5 17. Kg1 Qe4 18. Qc1 Ba6 19. Bxh6 f4 20. Bg5 Be2 21.
Nbd2 Qd3 22. Bh4 Rf5 23. Qb1 e5 24. Qxd3 Bxd3 25. Re1 Re8 26. Ne4 Bxe4 27. Rxe4
Kh7 28. Bg5 Bd8 29. h4 Bxg5 30. hxg5 Rd8 31. Rxe5 Rxe5 32. Nxe5 Rd1+ 33. Kh2
Rd2 34. Nxc6 Rxf2 35. Kh3 a6 36. a4 Rxb2 37. Nb4 Kg6 38. Nxa6 Kxg5 39. Nc7 Kf5
40. Ne8 g5 41. Nd6+ Kg6 42. g3 f3 43. g4 Ra2 44. Kg3 f2 45. Kg2 Rxa4 46. c4 Ra2
47. Ne4 Rc2 48. Nxf2 Rxc4 49. Kg3 Rc3+ 50. Kg2 Re3 51. Nd1 Re1 52. Nf2 Re3 53.
Nd1 Re4 54. Kf3 Rf4+ 55. Kg3 Kf6 56. Nf2 Rd4 57. Kf3 Ke5 58. Nh3 Kf6 59. Nf2
Ke6 60. Nh3 Rd5 61. Kg3 Kd6 62. Kf3 Re5 63. Kf2 Kd5 64. Kf3 Kd4 65. Kg3 Ke3 66.
Kg2 Rb5 67. Kg3 Ke2 68. Nxg5 Rxg5 69. Kf4 Ra5 70. g5 Ra4+ 71. Kf5 Kf3 72. g6
Ra5+ 73. Kf6 Ra6+ 74. Kf7 Ra7+ 75. Kf8 Ra8+ 76. Kf7 Kf4 77. g7 Kf5 78. g8=Q
Ra7+ 79. Kf8 Ra8+ 80. Kg7 Rxg8+ 1/2-1/2

[Event "Agen_2017-Accession"]
[Site "Agen"]
[Date "2017.08.19"]
[Round "6.21"]
[White "Meunier, Clement"]
[Black "Aumont, Alexandre"]
[Result "1-0"]
[WhiteElo "2269"]
[BlackElo "2205"]
[PlyCount "109"]
[EventDate "2017.08.??"]
[EventType "swiss"]
[EventRounds "9"]
[EventCountry "FRA"]
[WhiteTeam "Echiquier Orangeois"]
[BlackTeam "La Cavale du Fou"]

1. d4 f5 2. Bg5 h6 3. Bh4 g5 4. e4 Nf6 5. e5 e6 6. Bg3 f4 7. Be2 fxg3 8. Bh5+
Nxh5 9. Qxh5+ Ke7 10. Qg6 d5 11. hxg3 Nd7 12. Nf3 Qe8 13. Qd3 Rg8 14. Nbd2 Qg6
15. Qc3 Kd8 16. O-O-O a5 17. a3 Ra6 18. Ne1 a4 19. Qe3 c5 20. Nd3 Rc6 21. dxc5
Nxc5 22. Nb4 Rc7 23. Kb1 Bd7 24. f4 Nb3 25. Nxb3 Bxb4 26. Nd4 Bc5 27. Rd2 Bxd4
28. Qxd4 gxf4 29. gxf4 Rc4 30. Qb6+ Kc8 31. Rf1 Qe4 32. Rff2 Rg4 33. f5 Rc6 34.
Qa5 Qxe5 35. fxe6 Rxe6 36. Rf8+ Be8 37. Qc5+ Rc6 38. Qa5 Ra6 39. Qb5 Kc7 40.
Rxe8 Qf6 41. Rxd5 Rg7 42. Rc5+ Rc6 43. Qa5+ Kd7 44. Re1 Rxc5 45. Qxc5 Kd8 46.
Qa5+ Kc8 47. Re8+ Kd7 48. Qxa4+ Kc7 49. Qc4+ Kd6 50. Re2 Rd7 51. b4 Rf7 52.
Rd2+ Ke7 53. Qc7+ Ke8 54. Qc8+ Ke7 55. Qd8+ 1-0

[Event "Agen_2017-Accession"]
[Site "Agen"]
[Date "2017.08.19"]
[Round "6.22"]
[White "Devallee, Jeremie"]
[Black "Tomasi, Albert"]
[Result "1-0"]
[WhiteElo "2258"]
[BlackElo "2229"]
[PlyCount "97"]
[EventDate "2017.08.??"]
[EventType "swiss"]
[EventRounds "9"]
[EventCountry "FRA"]
[WhiteTeam "Chartres Metropole Echecs"]
[BlackTeam "Echecs-Club Ajaccien"]

1. Nc3 d5 2. e4 d4 3. Nce2 e5 4. d3 Nc6 5. g3 Be6 6. f4 exf4 7. Nxf4 Bb4+ 8.
Bd2 Bxd2+ 9. Qxd2 Nf6 10. Nxe6 fxe6 11. Bh3 Qd6 12. Nf3 O-O 13. O-O Rae8 14.
Qf4 Qxf4 15. gxf4 Nh5 16. Ng5 Nd8 17. f5 e5 18. Bg4 Nf4 19. Nh3 Nxh3+ 20. Bxh3
Rf6 21. Rf3 Rb6 22. Rb1 Rf8 23. Kf2 Rff6 24. Ke2 Kf8 25. Rg3 Nf7 26. Kd2 Nd6
27. Rbg1 Ne8 28. Kc1 Rh6 29. R1g2 Ra6 30. Kb1 Rh4 31. Bg4 Rah6 32. h3 Ke7 33.
c3 Rd6 34. Bd1 c6 35. a4 a5 36. Ka2 b5 37. axb5 cxb5 38. cxd4 Rxd4 39. Rc2 Rh6
40. Rc5 Rb6 41. Rxe5+ Kf8 42. Rc5 Nd6 43. Bb3 a4 44. Bd5 b4 45. Rc7 b3+ 46. Kb1
a3 47. bxa3 Nb5 48. f6 Rxf6 49. Rc8+ 1-0

[Event "Agen_2017-Accession"]
[Site "Agen"]
[Date "2017.08.19"]
[Round "6.23"]
[White "Giacomini, Hector"]
[Black "Camus, Berenger"]
[Result "1/2-1/2"]
[WhiteElo "2226"]
[BlackElo "2248"]
[PlyCount "88"]
[EventDate "2017.08.??"]
[EventType "swiss"]
[EventRounds "9"]
[EventCountry "FRA"]
[WhiteTeam "Echiquier Tourangeau"]
[BlackTeam "Reims Echec et Mat"]

1. Nf3 d5 2. e3 Nf6 3. c4 dxc4 4. Bxc4 e6 5. d4 a6 6. O-O c5 7. dxc5 Qxd1 8.
Rxd1 Bxc5 9. Nbd2 Nc6 10. b3 Ke7 11. Bb2 Rd8 12. Rac1 b6 13. Ng5 Bb7 14. Nde4
Nxe4 15. Nxe4 Rxd1+ 16. Rxd1 Nb4 17. Nxc5 bxc5 18. a3 Nd5 19. e4 Nb6 20. Bd3
Rd8 21. f3 f6 22. Kf2 c4 23. Bc2 Rxd1 24. Bxd1 cxb3 25. Bxb3 Bc6 26. Bc3 Bb5
27. Bb4+ Kd7 28. h4 Bc4 29. Bc2 Nc8 30. h5 Ne7 31. Ke3 e5 32. Bxe7 Kxe7 33. Bd3
Bxd3 34. Kxd3 Kd6 35. Kc4 Kc6 36. g3 g6 37. h6 g5 38. Kb4 Kb6 39. a4 Kc6 40.
Kc4 Kd6 41. Kb4 Kc6 42. Ka5 Kb7 43. Kb4 Kc6 44. Kc4 Kd6 1/2-1/2

[Event "Agen_2017-Accession"]
[Site "Agen"]
[Date "2017.08.19"]
[Round "6.24"]
[White "Mancini, Mario"]
[Black "Vidal, Llewellyn"]
[Result "0-1"]
[WhiteElo "2199"]
[BlackElo "2247"]
[PlyCount "120"]
[EventDate "2017.08.??"]
[EventType "swiss"]
[EventRounds "9"]
[EventCountry "FRA"]
[WhiteTeam "Cercle d'Echecs de Villepinte"]
[BlackTeam "Echecs Club Montpellier"]

1. d4 d5 2. c4 e6 3. Nc3 Bb4 4. e3 Nf6 5. Nf3 O-O 6. Bd3 c5 7. O-O cxd4 8. exd4
dxc4 9. Bxc4 Bxc3 10. bxc3 Qc7 11. Bd3 b6 12. Bg5 Nbd7 13. Rc1 Bb7 14. Re1 h6
15. Bh4 Qc6 16. Qe2 Rac8 17. Qf1 Qa4 18. Qe2 Nd5 19. Bb5 Qa3 20. Bxd7 Nxc3 21.
Rxc3 Rxc3 22. Ne5 Qd6 23. Qd2 Ra3 24. f3 Bd5 25. Bb5 Rxa2 26. Qe3 Qb4 27. Bf1
a5 28. Nd3 Qd2 29. Be7 Rc8 30. Qxd2 Rxd2 31. Rb1 Bc4 32. Rc1 Ba6 33. Rxc8+ Bxc8
34. Bd8 Rd1 35. Kf2 Ba6 36. Be2 Rb1 37. Ke3 a4 38. Be7 Bc4 39. Kd2 b5 40. Kc2
Rg1 41. Kc3 Rxg2 42. Nf4 Rxe2 43. Nxe2 Bxe2 44. f4 f6 45. Kd2 Bc4 46. Ke3 Kf7
47. Bb4 g5 48. fxg5 fxg5 49. Ke4 Kf6 50. Bd6 Bd5+ 51. Kd3 Kf5 52. Ke3 Kg4 53.
Kf2 h5 54. Ke3 Kh3 55. Kf2 b4 56. Bxb4 Kxh2 57. Bd6+ Kh3 58. Kg1 g4 59. Kf2 g3+
60. Kg1 Kg4 0-1

[Event "Agen_2017-Accession"]
[Site "Agen"]
[Date "2017.08.19"]
[Round "6.25"]
[White "Fantinel, Thibault"]
[Black "De Lussac, Rainier"]
[Result "1-0"]
[WhiteElo "2413"]
[BlackElo "2149"]
[PlyCount "95"]
[EventDate "2017.08.??"]
[EventType "swiss"]
[EventRounds "9"]
[EventCountry "FRA"]
[WhiteTeam "Echiquier Agenais"]
[BlackTeam "Chevau-légers de la Choisille"]

1. e4 c6 2. Nf3 d5 3. Nc3 dxe4 4. Nxe4 Nf6 5. Qe2 Nxe4 6. Qxe4 Nd7 7. Bc4 e6 8.
d4 Nf6 9. Qe2 Bd6 10. Bg5 Qc7 11. O-O-O Bd7 12. Ne5 Rf8 13. Rhe1 O-O-O 14. Kb1
Kb8 15. Bb3 Bc8 16. Qf3 Rde8 17. Nc4 Ka8 18. Nxd6 Qxd6 19. Bf4 Qd8 20. c4 Nd7
21. Bd6 Rg8 22. Qxf7 Qf6 23. Qxf6 gxf6 24. g3 e5 25. c5 Rg7 26. Rd2 b6 27. cxb6
axb6 28. Rde2 Ba6 29. Re3 e4 30. Bc2 Re6 31. Bf4 f5 32. f3 Nf6 33. Be5 Rge7 34.
Bxf6 Rxf6 35. fxe4 fxe4 36. Rxe4 Rxe4 37. Bxe4 Re6 38. Kc2 Bc4 39. b3 Bd5 40.
Kd3 Rh6 41. h4 Kb7 42. Bxd5 cxd5 43. Re7+ Kc6 44. Rg7 Rf6 45. Ke3 Re6+ 46. Kd2
Rh6 47. a4 Kd6 48. b4 1-0

[Event "Agen_2017-Accession"]
[Site "Agen"]
[Date "2017.08.19"]
[Round "6.26"]
[White "Favarel, Antoine"]
[Black "Lever, Erwan"]
[Result "1/2-1/2"]
[WhiteElo "2388"]
[BlackElo "2134"]
[PlyCount "81"]
[EventDate "2017.08.??"]
[EventType "swiss"]
[EventRounds "9"]
[EventCountry "FRA"]
[WhiteTeam "L'Echiquier Chalonnais"]
[BlackTeam "C.E.I. Toulouse"]

1. d4 Nf6 2. c4 g6 3. Nc3 d5 4. Nf3 Bg7 5. Bg5 Ne4 6. Bf4 Nxc3 7. bxc3 c5 8.
cxd5 Qxd5 9. e3 O-O 10. Be2 Nc6 11. O-O cxd4 12. cxd4 Bf5 13. Qa4 Qa5 14. Qxa5
Nxa5 15. Rac1 Rac8 16. Nd2 Be6 17. a3 Rxc1 18. Rxc1 Rc8 19. Rxc8+ Bxc8 20. Bf3
e6 21. Bc7 Nc6 22. Nc4 Bd7 23. Kf1 b5 24. Nd6 b4 25. axb4 Nxb4 26. Ne4 Nd5 27.
Ba5 Bf8 28. Be2 Bc6 29. Nc3 Nxc3 30. Bxc3 Bd6 31. h4 h5 32. g3 Bd5 33. Ba5 Kf8
34. Bd3 f5 35. Bb5 Ke7 36. Ke2 Bb7 37. f4 Bd5 38. Kd3 Ba3 39. Kd2 Be4 40. Bc3
Bd5 41. Ba5 1/2-1/2

[Event "Agen_2017-Accession"]
[Site "Agen"]
[Date "2017.08.19"]
[Round "6.28"]
[White "Flachet, Thierry"]
[Black "Guignier, Nicolas"]
[Result "0-1"]
[WhiteElo "2104"]
[BlackElo "2212"]
[PlyCount "74"]
[EventDate "2017.08.??"]
[EventType "swiss"]
[EventRounds "9"]
[EventCountry "FRA"]
[WhiteTeam "Cercle d'échecs des Sables d'Olonne"]
[BlackTeam "Avinkha Club d'Echecs"]

1. Nf3 Nc6 2. d4 d5 3. c4 Bg4 4. cxd5 Bxf3 5. gxf3 Qxd5 6. e3 e5 7. Nc3 Bb4 8.
Bd2 Bxc3 9. bxc3 Qd6 10. Be2 Nge7 11. Qb3 O-O 12. Qxb7 exd4 13. cxd4 Rab8 14.
Qa6 Qg6 15. Bd3 Qg2 16. Ke2 Rfe8 17. Qc4 Ng6 18. Bxg6 Qxg6 19. Rac1 Rb6 20.
Rhg1 Qh6 21. Rg3 Ne7 22. Rcg1 Nf5 23. Rg5 Rf6 24. e4 Qxh2 25. Be3 h6 26. R5g2
Nxe3 27. fxe3 Qh5 28. Rxg7+ Kh8 29. R7g3 Rb8 30. Qc3 Qb5+ 31. Kf2 Rc6 32. Qb3
Qxb3 33. axb3 Rc2+ 34. Kf1 a5 35. Rg7 a4 36. Ke1 axb3 37. Kd1 Ra8 0-1

[Event "Agen_2017-Accession"]
[Site "Agen"]
[Date "2017.08.19"]
[Round "6.29"]
[White "Lanteri, Nicolas"]
[Black "Ollier, Milan"]
[Result "0-1"]
[WhiteElo "2037"]
[BlackElo "2253"]
[PlyCount "78"]
[EventDate "2017.08.??"]
[EventType "swiss"]
[EventRounds "9"]
[EventCountry "FRA"]
[WhiteTeam "C.E.M.C. Monaco"]
[BlackTeam "Echiquier Médocain"]

1. f4 d6 2. e4 d5 3. e5 c5 4. d4 cxd4 5. Nf3 Bg4 6. Qxd4 Bxf3 7. gxf3 Nc6 8.
Bb5 Nh6 9. Be3 e6 10. Qa4 Qd7 11. Nd2 Nf5 12. Bf2 Be7 13. O-O-O O-O 14. Bd3 g6
15. Nb3 Nxe5 16. Bb5 Nc6 17. Na5 Rfc8 18. Rd3 Qc7 19. Rc3 Qxa5 20. Rxc6 Qxa4
21. Rxc8+ Rxc8 22. Bxa4 Bd6 23. Bg3 h5 24. Kd2 h4 25. Bf2 Bxf4+ 26. Kd3 b6 27.
b4 g5 28. Bb3 Nd6 29. a4 Nc4 30. h3 Ne5+ 31. Ke2 Rc3 32. a5 bxa5 33. b5 Rxf3
34. Bxa7 a4 35. b6 Rc3 36. Bxa4 Be3 37. Bb8 Bxb6 38. Bxe5 Re3+ 39. Kf2 Rxe5+
0-1

[Event "Agen_2017-Accession"]
[Site "Agen"]
[Date "2017.08.19"]
[Round "6.30"]
[White "Pottier, Alexandre"]
[Black "O'Sullivan, Thomas"]
[Result "1/2-1/2"]
[WhiteElo "2127"]
[BlackElo "2238"]
[PlyCount "100"]
[EventDate "2017.08.??"]
[EventType "swiss"]
[EventRounds "9"]
[EventCountry "FRA"]
[WhiteTeam "C.E. de Rueil Malmaison"]
[BlackTeam "Cercle d'Echecs de Villepinte"]

1. Nf3 c5 2. e3 g6 3. d4 cxd4 4. Nxd4 Nf6 5. Be2 Bg7 6. O-O O-O 7. b3 Nc6 8.
Bb2 d6 9. c4 Bd7 10. Nc3 Rc8 11. Bf3 Qb6 12. Qd2 a6 13. Nxc6 Bxc6 14. e4 Nd7
15. Rae1 Rc7 16. Nd5 Bxd5 17. Bxg7 Kxg7 18. Qxd5 Rfc8 19. Bg4 Nf6 20. Qg5 Rc5
21. Qf4 R8c7 22. Bd1 Qa5 23. a4 Nd7 24. Qe3 Qb4 25. f4 b5 26. axb5 axb5 27. Be2
bxc4 28. bxc4 Ra5 29. Qd4+ f6 30. Rb1 Qc5 31. Rfd1 Ra2 32. Bf1 Rc2 33. Qxc5
Nxc5 34. Re1 Ne6 35. e5 Nxf4 36. exd6 exd6 37. Re4 g5 38. Rd1 Ra7 39. g3 Ng6
40. Rxd6 Raa2 41. Rd7+ Kh6 42. Rf7 Ra6 43. Re2 Rxe2 44. Bxe2 Rc6 45. Bd3 g4 46.
Kf2 Ne5 47. Rxh7+ Kg5 48. Rg7+ Kh6 49. Rh7+ Kg5 50. Rg7+ Kh6 1/2-1/2

[Event "Agen_2017-Accession"]
[Site "Agen"]
[Date "2017.08.19"]
[Round "6.31"]
[White "Suez-Panama, Gilles"]
[Black "Gardet, Thomas"]
[Result "1-0"]
[WhiteElo "2078"]
[BlackElo "2007"]
[PlyCount "89"]
[EventDate "2017.08.??"]
[EventType "swiss"]
[EventRounds "9"]
[EventCountry "FRA"]
[WhiteTeam "Arsenal"]
[BlackTeam "Echecs Club de Petit Bourg"]

1. d4 Nf6 2. Nf3 g6 3. c4 Bg7 4. Nc3 O-O 5. Bf4 d6 6. e3 Nh5 7. Bg5 h6 8. Bh4
g5 9. Nd2 Nf6 10. Bg3 Bf5 11. Qf3 Qc8 12. h3 c5 13. d5 Na6 14. e4 Bg6 15. Bh2
Nc7 16. Bd3 Nd7 17. Qe2 Ne5 18. Bc2 f5 19. exf5 Bxf5 20. Bxf5 Qxf5 21. Nde4 a6
22. O-O Ng6 23. Ng3 Qf7 24. Nh5 Bd4 25. Kh1 Nf4 26. Nxf4 gxf4 27. Qg4+ Kh7 28.
Rae1 Be5 29. Re4 Rg8 30. Qf3 e6 31. dxe6 Nxe6 32. Ree1 Rg6 33. Ne4 Qf5 34. Nf6+
Qxf6 35. Qxb7+ Rg7 36. Qxa8 Ng5 37. h4 Ne6 38. Qe4+ Kh8 39. g3 f3 40. Re3 Nd4
41. Rg1 h5 42. b4 Rg4 43. Qd5 cxb4 44. c5 Kh7 45. cxd6 1-0

[Event "Agen_2017-Accession"]
[Site "Agen"]
[Date "2017.08.25"]
[Round "7.7"]
[White "Ollier, Pablo"]
[Black "Travadon, Loic"]
[Result "0-1"]
[WhiteElo "2395"]
[BlackElo "2341"]
[PlyCount "54"]
[EventDate "2017.08.??"]
[EventType "swiss"]
[EventRounds "9"]
[EventCountry "FRA"]
[WhiteTeam "Echiquier Médocain"]
[BlackTeam "C.E. de  Bois-Colombes"]

1. d4 Nf6 2. c4 e6 3. Nc3 Bb4 4. e3 O-O 5. Bd3 c5 6. d5 h6 7. Bc2 b5 8. dxe6
fxe6 9. cxb5 d5 10. Nge2 a6 11. bxa6 Bxa6 12. O-O Nc6 13. Nf4 Qd6 14. Nd3 Ba5
15. Bd2 e5 16. Re1 e4 17. Nf4 Bc7 18. Bb3 c4 19. Ba4 Ne5 20. Bb5 Bc8 21. Qc2 g5
22. Ncxd5 Nxd5 23. Nxd5 Qxd5 24. a4 Be6 25. b3 Qd6 26. bxc4 Nf3+ 27. Kf1 Nxd2+
0-1

[Event "Agen_2017-Accession"]
[Site "Agen"]
[Date "2017.08.25"]
[Round "7.8"]
[White "Lamard, Guillaume"]
[Black "Le Hetet, Nicolas"]
[Result "1/2-1/2"]
[WhiteElo "2347"]
[BlackElo "2317"]
[PlyCount "61"]
[EventDate "2017.08.??"]
[EventType "swiss"]
[EventRounds "9"]
[EventCountry "FRA"]
[WhiteTeam "Cannes Echecs"]
[BlackTeam "Echiquier Agenais"]

1. c4 c6 2. Nf3 Nf6 3. e3 d5 4. d4 e6 5. b3 Nbd7 6. Bb2 Bd6 7. Nbd2 O-O 8. Bd3
Qe7 9. Ne5 c5 10. O-O b6 11. e4 Bb7 12. exd5 exd5 13. Re1 Rfe8 14. Ndf3 cxd4
15. Bxd4 Nxe5 16. Bxe5 Bxe5 17. Rxe5 Qc7 18. Rxe8+ Rxe8 19. Rc1 Qf4 20. c5 Rc8
21. g3 Qg4 22. cxb6 Rxc1 23. Qxc1 Qxf3 24. Qc7 g5 25. Qxb7 Qxd3 26. bxa7 Qb1+
27. Kg2 Qe4+ 28. Kg1 Qe1+ 29. Kg2 Qe4+ 30. Kg1 Qe1+ 31. Kg2 1/2-1/2